<?xml version="1.0" encoding="UTF-8"?>
<record
    xmlns:xsi="http://www.w3.org/2001/XMLSchema-instance"
    xsi:schemaLocation="http://www.loc.gov/MARC21/slim http://www.loc.gov/standards/marcxml/schema/MARC21slim.xsd"
    xmlns="http://www.loc.gov/MARC21/slim">

  <leader>00401    a2200133   4500</leader>
  <controlfield tag="005">20250623131307.0</controlfield>
  <datafield tag="020" ind1=" " ind2=" ">
    <subfield code="a">0-340-65839-8</subfield>
  </datafield>
  <datafield tag="082" ind1=" " ind2=" ">
    <subfield code="a">338.4'791'068EDM</subfield>
  </datafield>
  <datafield tag="100" ind1=" " ind2=" ">
    <subfield code="a">CONDEELL, S.</subfield>
  </datafield>
  <datafield tag="245" ind1=" " ind2=" ">
    <subfield code="a">Business Systems For Leisure And Tourism</subfield>
  </datafield>
  <datafield tag="260" ind1=" " ind2=" ">
    <subfield code="a">British</subfield>
    <subfield code="b">British Library Cataloguing -In- Publication Data,</subfield>
    <subfield code="c">1997.</subfield>
  </datafield>
  <datafield tag="300" ind1=" " ind2=" ">
    <subfield code="a">ix,; 49p,  ill, figure</subfield>
    <subfield code="b">Grossary, Index</subfield>
    <subfield code="c">27cm</subfield>
  </datafield>
  <datafield tag="942" ind1=" " ind2=" ">
    <subfield code="2">ddc</subfield>
    <subfield code="c">BKS</subfield>
  </datafield>
  <datafield tag="999" ind1=" " ind2=" ">
    <subfield code="c">4621</subfield>
    <subfield code="d">4621</subfield>
  </datafield>
  <datafield tag="952" ind1=" " ind2=" ">
    <subfield code="r">2025-06-23 08:44:31</subfield>
    <subfield code="l">0</subfield>
    <subfield code="o">338.4.791'068</subfield>
    <subfield code="p">DOM0003568</subfield>
    <subfield code="v">150000.00</subfield>
    <subfield code="w">2025-06-23</subfield>
    <subfield code="y">BKS</subfield>
    <subfield code="1">0</subfield>
    <subfield code="2">ddc</subfield>
    <subfield code="4">0</subfield>
    <subfield code="7">0</subfield>
    <subfield code="0">0</subfield>
    <subfield code="a">004</subfield>
    <subfield code="b">004</subfield>
    <subfield code="c">SPECIAL</subfield>
    <subfield code="d">2000-09-13</subfield>
    <subfield code="g">50000.00</subfield>
  </datafield>
</record>
